| 000 | 00461nam a22001697a 4500 | ||
|---|---|---|---|
| 999 |
_c526806 _d526806 |
||
| 003 | NUST | ||
| 038 | _awaseem | ||
| 082 |
_a913.54 _bZAM |
||
| 100 |
_aZaman, M _917803 |
||
| 245 |
_aJanobi punjab sindh balochistan / _cM. Zaman |
||
| 260 |
_aGujrat : _bYasir Acadmi, _c1999. |
||
| 300 | _a608 p. ; | ||
| 500 | _aPapercover. | ||
| 880 |
_6100-01\r _aایم زمان |
||
| 880 |
_6245-02\r _aجنُوبی پنجاب سندھ بلوچستان / |
||
| 942 |
_2ddc _cBK |
||